Schools Under the Influence Quiz Stats

Quiz Updated Feb 6, 2013

Challenge
Share
Tweet
Embed
Score 0/17 Timer 05:00
0 Plays Today
Arrests Annually College % Correct
117Florida State
63.3%
115Arizona
58.9%
100California
54.6%
191Penn State
50.9%
190Colorado
47.6%
181Arizona State
47.4%
193Indiana
39.4%
103Iowa
33.2%
124Washington State
31.1%
Arrests Annually College % Correct
173West Virginia
26.4%
109Missouri
26.2%
102Purdue
19.7%
114New Hampshire
6.1%
120Kent State
3%
137Northern Arizona
1.3%
105UTSA
1%
110Northern Colorado
0.9%

You're not logged in!

Compare scores with friends on all Sporcle quizzes.
Join for Free
OR
Log In

You Might Also Like...

Show Comments

Extras

Top Quizzes Today


Score Distribution

Your Account Isn't Verified!

In order to create a playlist on Sporcle, you need to verify the email address you used during registration. Go to your Sporcle Settings to finish the process.

Report this User

Report this user for behavior that violates our Community Guidelines.

Details: